Εθνικιστικός λαικισμός ή εθνική στρατηγική;

Αποθηκεύτηκε σε:
Λεπτομέρειες βιβλιογραφικής εγγραφής
Κύριος συγγραφέας: Σημίτης, Κωνσταντίνος Γ., 1936-
Μορφή: Βιβλίο
Γλώσσα:Greek
Δημοσίευση: Αθήνα : Γνώση, 1992
Θέματα:
Ετικέτες: Προσθήκη ετικέτας
Δεν υπάρχουν, Καταχωρήστε ετικέτα πρώτοι!

MARC

LEADER 00000nam a2200000 i 4500
001 1/65913
008 990113s1992 gre d
020 |a 960-235-529-8 
035 |l 10047216 
040 |a GR-MY-UA  |b gre  |e aacr 
041 0 |a gre 
082 0 |a 320.54 
100 1 |a Σημίτης, Κωνσταντίνος Γ.,   |d 1936- 
245 1 0 |a Εθνικιστικός λαικισμός ή εθνική στρατηγική; /  |c Κώστας Σημίτης 
260 |a Αθήνα :   |b Γνώση,   |c 1992 
300 |a 109 σ. 
650 0 0 |a Nationalism. 
650 0 0 |a Nationalism  |z Europe. 
852 |a INST  |b RHODES  |e 19990113  |h 320.54 ΣΗΜ  |p 005400005882  |q 005400005882  |t BK  |y 0 
901 |a BIBL-1999-1 
909 |a Ρ  |b 051827  |c 1997 
922 |a 4ΕΛΗ  |b 199711 
970 |z 2000/06/ΟΙΚΟΝΟΜΟΠΟΥΛΟΥ (SUBJECT)